00525 2200181 4500001002100000005001500021035002000036007000300056008004100059020002200100082001200122084001800134100002100152245005600173260004600229300004500275700002300320INLIS00000000000048220210108090115 a0010-0121000021ta210108 0 ind  a978-602-1580-82-0 a301.306 a301.306 FAR k0 aFarida Rahmawati1 aKamus Antropologi untuk Pelajar /cFarida Rahmawati aSurakarta :bAksarra Sinergi Media,c2018 aviii + 421 hlm :bilus. ;c14,8 x 21 cm.0 aAgung Tri Haryanta